EU Countries: Joining Years - Statistics

General Stats
  • This quiz has been taken 46 times
  • The average score is 21 of 28
Answer Stats
Hint Answer % Correct
Ireland 1973
83%
Austria 1995
83%
Belgium 1958
79%
Denmark 1973
79%
UK* 1973
79%
Spain 1986
79%
Cyprus 2004
79%
Czech Republic 2004
79%
Lithuania 2004
79%
Slovakia 2004
79%
France 1958
75%
Germany 1958
75%
Greece 1981
75%
Portugal 1986
75%
Finland 1995
75%
Estonia 2004
75%
Hungary 2004
75%
Latvia 2004
75%
Poland 2004
75%
Slovenia 2004
75%
Croatia 2013
75%
Italy 1958
71%
Luxembourg 1958
71%
Netherlands 1958
71%
Sweden 1995
71%
Malta 2004
71%
Bulgaria 2007
71%
Romania 2007
71%
No matching quizzes found
Score Distribution
Percent of People with Each Score
Percentile by Number Answered
Your Score History
You have not taken this quiz